Noms des Objets du Système Solaire - Statistiques

Statistiques générales
  • Ce quiz a été pris 103 fois
  • Le résultat moyen est 5 sur 10
Statistiques - réponses
Par images Réponse % Correct
Terre
100%
Lune
98%
Soleil
97%
Mars
95%
Mercure
59%
Titan
25%
Hubble
17%
Phobos
14%
Cérès
11%
Sirius B
6%
Aucun quiz correspondant
Distribution des résultats
% des personnes avec chaque résultat
Percentile par nombre de réponses
Votre historique - résultats
Vous n’avez pas pris ce quiz